000 00840nam a2200241Ii 4500
003 JO-AjNU
008 230605s9999||||xx |||||||||||||| ||und||
017 _a2021/8/4574
020 _a978-9957-94-683-8
040 _aJO-AjNU
_bara
_erda
_cJO-AjNU
041 _aara
050 1 4 _aB491.M3638 2021
100 3 _aمنصور، حسن عبدالرزاق,
_eauthor
_963677
245 0 0 _aميتافيزيقا الانسان
250 _aالطبعة الاولى
264 3 1 _aعمان: وزارة الثقافة، 2021
300 _a218ص
336 _atext
_btxt
_2rdacontent
337 _aunmediated
_bn
_2rdamedia
338 _avolume
_bnc
_2rdacarrier
490 0 _aسلسلة فكر ومعرفة 2021 من منشورات وزارة الثقافة
650 4 _aالميتافيزيقيا -الانسان-علم الوجود
_963678
999 _aA28897
_c32465
_d32465